书目信息 |
| 题名: |
淀粉复合物
|
|
| 作者: | 刘延奇 , 闫溢哲 , 史苗苗 苗著 | |
| 分册: | ||
| 出版信息: | 郑州 郑州大学出版社 2017.03 |
|
| 页数: | 170页 | |
| 开本: | 26cm | |
| 丛书名: | ||
| 单 册: | ||
| 中图分类: | O636.1 | |
| 科图分类: | ||
| 主题词: | 淀粉--dian fen--复合粉--研究 | |
| 电子资源: | ||
| ISBN: | 978-7-5645-3622-0 | |
| 000 | 01277nam0 2200253 450 | |
| 001 | 0106081900 | |
| 005 | 20201106082047.0 | |
| 010 | @a978-7-5645-3622-0@dCNY26.00 | |
| 100 | @a20181028d2017 em y0chiy0110 ea | |
| 101 | 0 | @achi |
| 102 | @aCN@b410000 | |
| 105 | @ay z 000yy | |
| 106 | @ar | |
| 200 | 1 | @a淀粉复合物@Adian fen fu he wu@f刘延奇, 闫溢哲, 史苗苗著 |
| 210 | @a郑州@c郑州大学出版社@d2017.03 | |
| 215 | @a170页@d26cm | |
| 330 | @a淀粉复合物是作者在多年从事淀粉结构构建和复合物制备及性能研究的基础上编写而成,主要分析讨论了当前国内外对淀粉复合物的制备现状,对短链直链淀粉与系列物质的复合作用进行了详细的介绍。第1章,淀粉结构与结晶结构基础。对淀粉结构基础、结晶结构的晶型分类等进行了探讨;第2章,淀粉-脂类复合物。探讨了短链直链淀粉-脂类复合物的制备方法及其性能;第3章,淀粉-醇类复合物。介绍了淀粉与不同链长度的直链醇之间的复合作用方法和作用效果;第4章,淀粉-羧酸复合物。介绍了短链直链淀粉与长链羧酸之间形成复合物的方法及其产品性能;第5间,淀粉其他复合物。重点介绍了淀粉与磷脂、淀粉在乙醇中的结晶化方法。 | |
| 606 | 0 | @a淀粉@Adian fen@x复合粉@x研究 |
| 690 | @aO636.1@v5 | |
| 701 | 0 | @a刘延奇@Aliu yan qi@4苗著 |
| 701 | 0 | @a闫溢哲@Ayan yi zhe@4苗著 |
| 701 | 0 | @a史苗苗@Ashi miao miao@4著 |
| 801 | 0 | @aCN@bBJSZM@c20201106 |
| 905 | @b1193840-3@dO636.1@e104@f4 | |
| 淀粉复合物/刘延奇, 闫溢哲, 史苗苗著.-郑州:郑州大学出版社,2017.03 |
| 170页;26cm |
| ISBN 978-7-5645-3622-0:CNY26.00 |
| 淀粉复合物是作者在多年从事淀粉结构构建和复合物制备及性能研究的基础上编写而成,主要分析讨论了当前国内外对淀粉复合物的制备现状,对短链直链淀粉与系列物质的复合作用进行了详细的介绍。第1章,淀粉结构与结晶结构基础。对淀粉结构基础、结晶结构的晶型分类等进行了探讨;第2章,淀粉-脂类复合物。探讨了短链直链淀粉-脂类复合物的制备方法及其性能;第3章,淀粉-醇类复合物。介绍了淀粉与不同链长度的直链醇之间的复合作用方法和作用效果;第4章,淀粉-羧酸复合物。介绍了短链直链淀粉与长链羧酸之间形成复合物的方法及其产品性能;第5间,淀粉其他复合物。重点介绍了淀粉与磷脂、淀粉在乙醇中的结晶化方法。 |
| ● |
| 相关链接 |
|
|
|
|
正题名:淀粉复合物
索取号:O636.1/104
 
预约/预借
| 序号 | 登录号 | 条形码 | 馆藏地/架位号 | 状态 | 备注 |
| 1 | 1193840 | 211938402 | 第二样本阅览室/ [索取号:O636.1/104] | 在馆 | |
| 2 | 1193841 | 211938411 | 第三借阅区/ [索取号:O636.1/104] | 在馆 | |
| 3 | 1193842 | 211938420 | 第三借阅区/ [索取号:O636.1/104] | 在馆 | |
| 4 | 1193843 | 211938439 | 第三借阅区/ [索取号:O636.1/104] | 在馆 |